'90s Rock Songs - Statistics

General Stats
  • This quiz has been taken 395 times
  • The average score is 43 of 106
Answer Stats
Song Answer % Correct
Smells Like Teen Spirit Nirvana
95%
Wonderwall Oasis
92%
Enter Sandman Metallica
89%
Creep Radiohead
88%
Zombie The Cranberries
88%
Black Hole Sun Soundgarden
85%
Everlong Foo Fighters
84%
Basket Case Green Day
83%
Losing My Religion R.E.M.
83%
Scar Tissue Red Hot Chili Peppers
80%
Song 2 Blur
79%
November Rain Guns N' Roses
77%
Buddy Holly Weezer
76%
Jeremy Pearl Jam
75%
All Star Smashmouth
75%
Iris Goo Goo Dolls
74%
Freak On A Leash Korn
71%
1979 Smashing Pumpkins
71%
Loser Beck
69%
Bitter Sweet Symphony The Verve
64%
Self Esteem The Offspring
62%
Santeria Sublime
61%
Glycerine Bush
58%
Don't Speak No Doubt
58%
Semi-Charmed Life Third Eye Blind
56%
Sabotage Beastie Boys
55%
You Oughtta Know Alanis Morissette
54%
Mr. Jones Counting Crows
54%
Du Hast Rammstein
53%
Friday I'm In Love The Cure
53%
Nookie Limp Bizkit
51%
Fly Away Lenny Kravitz
50%
Guerilla Radio Rage Against the Machine
50%
Mama, I'm Coming Home Ozzy Osbourne
48%
Dragula Rob Zombie
48%
No Rain Blind Melon
47%
Mysterious Ways U2
46%
Heaven Beside You Alice in Chains
45%
Tubthumping Chumbawamba
45%
Smooth Santana ft. Rob Thomas
45%
My Own Worst Enemy Lit
44%
Drive Incubus
42%
Nothing Compares 2 U Sinead O'Connor
42%
Lightning Crashes Live
41%
Closing Time Semisonic
41%
Hunger Strike Temple of the Dog
41%
Sex and Candy Marcy Playground
40%
Walk Pantera
40%
Fear of the Dark Iron Maiden
37%
3 AM Matchbox 20
37%
Closer Nine Inch Nails
37%
Violet Hole
36%
Trippin' On A Hole In A Paper Heart Stone Temple Pilots
36%
I'm Gonna Be (500 Miles) The Proclaimers
36%
Shine Collective Soul
35%
Enjoy the Silence Depeche Mode
35%
Sober Tool
35%
One Week Barenaked Ladies
34%
Lovefool The Cardigans
34%
Lump The Presidents of the United States of America
33%
Pepper Butthole Surfers
31%
Hey Jealousy Gin Blossoms
31%
Runaway Train Soul Asylum
31%
Bawitdaba Kid Rock
30%
Only Happy When It Rains Garbage
29%
Crash Into Me Dave Matthews Band
28%
Been Caught Stealing Jane's Addiction
28%
Painkiller Judas Priest
28%
Holy Wars... The Punishment Due Megadeth
28%
Wicked Game Chris Isaak
27%
Tomorrow Silverchair
27%
Flagpole Sitta Harvey Danger
26%
My Name is Mud Primus
26%
Eyeless Slipknot
26%
Fly Sugar Ray
26%
Torn Natalie Imbruglia
25%
If It Makes You Happy Sheryl Crow
25%
Firestarter The Prodigy
25%
Hey Man Nice Shot Filter
24%
More Human Than Human White Zombie
24%
The Impression That I Get The Mighty Mighty Bosstones
23%
What It's Like Everlast
22%
Criminal Fiona Apple
21%
Pretend We're Dead L7
21%
The Dope Show Marilyn Manson
21%
Bitch Meredith Brooks
21%
You Get What You Give New Radicals
21%
What If Creed
20%
Roots Bloody Roots Sepultura
20%
I Touch Myself The Divinyls
18%
Nearly Lost You Screaming Trees
17%
Fields of Gold Sting
17%
Blue Monday Orgy
15%
Dead Skin Mask Slayer
15%
Mudshovel Staind
14%
Last Goodbye Jeff Buckley
11%
Jesus Built My Hotrod Ministry
11%
21st Century (Digital Boy) Bad Religion
10%
Christian Woman Type O Negative
10%
Belly of the Beast Anthrax
9%
Birdhouse In Your Soul They Might Be Giants
9%
Honey Bucket Melvins
6%
It's A Shame About Ray The Lemonheads
6%
Can You Forgive Her? Pet Shop Boys
2%
More Sisters of Mercy
2%
The Ubiquitous Mr. Lovegrove Dead Can Dance
1%
No matching quizzes found
Score Distribution
Percent of People with Each Score
Percentile by Number Answered
Your Score History
You have not taken this quiz